000 00340nam a22001337a 4500
008 170810b xxu||||| |||| 00| 0 eng d
020 _a9780201726275
041 _aeng
080 _a004
100 _a35
101 _aSHKI
245 _aOBJECT-ORIENTED PROGRAMMING FEATURING GRAPHICAL APPLICATIONS IN JAVA
_cLASZLO, M.J
942 _2udc
_cBK
999 _c23109
_d23109